000 00350nam a2200145Ia 4500
008 230312s9999||||xx |||||||||||||| ||und||
020 _a0471333638
082 _a658.0557
_bKAM-A
100 _aBurd;D;Stephen
245 0 _aSystem Architecture 7e
260 _bWiley
_aUSA
_c2000
300 _a249
650 _aEngineering
_vDirectories
942 _cBK
999 _c16895
_d16895